01825naa a22001817a 4500001000700000003000900007005001700016008004100033040001300074100004000087245015600127504003100283520112700314650003001441650001801471650003501489773011901524232474ES-MaBCM20260224142043.0260224s2025 sp ||||| |||| 00| 0 spa d cES-MaBCM1 aParedes Castañón, José Manuel10aPolítica criminal y proceso político democrático :blos límites de la racionalidad y el papel de los expertoscJosé Manuel Paredes Castañon aBibliografía: p. 106-110 aAunque en la bibliografía reciente son abundantes los análisis críticos de los procesos legislativos en materia penal, sin embargo, lo más usual es que la perspectiva adoptada sea bien un punto de vista estrictamente empírico (proporcionando una narración de dichos procesos), o bien uno de índole normativa (valorando la adecuación de los mismos y haciendo propuestas para mejorarlos). En cambio, no es frecuente que en dichos análisis se presente una teoría del proceso legislativo en cuestiones político-criminales que atienda a las características específicas que el proceso político reviste en las democracias contemporáneas de masas y de opinión pública. Y que, por ello, permita comprender adecuadamente las dinámicas causales (sociológicas, psicosociales y políticas) que condicionan los resultados posibles del debate político-criminal real (no el de los teóricos, sino el de los actores políticos) en tales sistemas políticos, así como el papel de los expertos dentro del mismo. Proponer un modelo para dicha teoría es precisamente el objetivo de este trabajo. 7aProcedimiento legislativo 7aDerecho penal 7aCambio de régimen político0 dValenciagN.38 (jun. 2025), p. [86]-111 - Loc S.516tTeoría y derecho: revista de pensamiento jurídicow154052